000 00324nam a22001457a 4500
008 230912b ||||| |||| 00| 0 eng d
020 _a081034419
041 _aeng
080 _a521
082 _a521HOM
100 _a19
101 _aASTRO
245 _aAEPINUS'S ELECTRICITY AND MAGNETISM
_cHOME.W.R
942 _2udc
_cBK
999 _c60336
_d60336